000 00932cam a22002895a 4500
001 L159362
008 161214s2014 xxk f 000 0 eng d
020 _a9781118355152
035 _a(Sirsi) u159362
041 0 _aeng
100 1 _aKelly, John
245 0 0 _aValue management of construction projects
_h[electronic resource]
260 _aLondon
_cWiley-Blackwell
_b2014
520 _aConsiders the concept of value management in the context of construction projects.
520 _aSupersedes 1 st ed ISBN 0632051434
590 _aKA
650 2 4 _aEBOOK
650 2 4 _aVALUE MANAGEMENT
650 2 4 _aVALUE ENGINEERING
651 4 _aInternational
690 _aProject management
_96261
690 _aConstruction management
_96230
700 1 _aMale, Stephen
700 1 _aGraham, Drummond
856 4 0 _uhttps://www.vlebooks.com/
_zView on VLEbooks. Logins for members only from [email protected]
942 _n0
999 _c115835
_d115835